Normal view
MARC view
- Smith, Mary Riley
Entry Personal Name
001 - CONTROL NUMBER
- control field: 65302
003 - CONTROL NUMBER IDENTIFIER
- control field: NUST
005 - DATE AND TIME OF LATEST TRANSACTION
- control field: 20210628203421.0
008 - FIXED-LENGTH DATA ELEMENTS
- fixed length control field: 210628|| aca||aabn | a|a d
040 ## - CATALOGING SOURCE
- Original cataloging agency: NUST
- Transcribing agency: NUST
100 ## - HEADING--PERSONAL NAME
- Personal name: Smith, Mary Riley
670 ## - SOURCE DATA FOUND
- Source citation: Work cat.: (NUST): Smith, Mary Riley, The front garden, new approaches to landscape design, 1991
